La sociedad del miedo /

Bibliographic Details
Main Author: Bude, Heinz (Author)
Other Authors: Ciria, Alberto (Translator), Heinz Bude
Format: Electronic eBook
Language:Spanish
German
Published: Barcelona : Herder, 2017.
Edition:1a. edición digital.
Subjects:
Online Access:Digitalia Hispánica

MARC

LEADER 00000nam a2200000Ii 4500
001 DIGHERDER0278
003 NyNyDIG
007 cr |||||||||||
008 220419s2017 sp ob 000 0 spa d
006 m o d
035 |a (OCoLC)986066787 
040 |a DGITA  |b eng  |e rda  |e pn  |c DGITA 
020 |a 9788425438417  |q eBook  |q ePub 
020 |z 9788425438424 
041 1 |a spa  |h ger 
050 1 4 |a BF575.F2 ebook 
100 1 |a Bude, Heinz,  |e author. 
240 1 0 |a Gesellschaft der angst.  |l Spanish  |s (Ciria) 
245 1 3 |a La sociedad del miedo /  |c Heinz Bude ; traducción de Alberto Ciria. 
250 |a 1a. edición digital. 
264 1 |a Barcelona :  |b Herder,  |c 2017. 
300 |a 1 online resource. 
336 |a text  |b txt  |2 rdacontent 
337 |a computer  |b c  |2 rdamedia 
338 |a online resource  |b cr  |2 rdacarrier 
347 |a text file  |2 rdaft 
347 |b EPUB 
504 |a Includes bibliographical references. 
588 0 |a Online resource; title from ePub title page (Digitalia, viewed April 19, 2022) 
650 0 |a Fear  |x Social aspects. 
650 0 |a Fear  |x History. 
655 0 |a Electronic books. 
700 1 |a Ciria, Alberto,  |e translator. 
700 1 |i Translation of:  |a Heinz Bude.  |t Gesellschaft der angst. 
791 2 |a Digitalia (Firm),  |e distributor. 
793 0 |g Digitalia eBook Collection:  |a Herder Editorial 
776 0 8 |i Print version:  |a Heinz Bude.  |s Gesellschaft der angst. Spanish (Ciria).  |t Sociedad del miedo.  |d Barcelona : Herder, 2017  |z 9788425438424 
856 4 0 |3 Digitalia Hispánica  |u https://www.digitaliapublishing.com/a/61296/ 
910 |a Premium collection: 2022